|
|
|
|
| LEADER |
00000cam a2200000 7i4500 |
| 001 |
0000002283 |
| 005 |
20230616.0 |
| 008 |
991128 my eng |
| 040 |
|
|
|a INS
|
| 090 |
0 |
0 |
|a TP684.P3
|b .P34 1977
|
| 245 |
0 |
0 |
|a International Development in Oil Palm :
|b The proceedings of the Malaysian International Agricultures Oil Palam Conference held in Kuala Lumpur 14-17 June 1976
|c edited by D. A. Earp and W. Newall
|
| 260 |
|
|
|a Kuala Lumpur :
|b Incorporated Society of Plantens ,
|c 1977
|
| 300 |
|
|
|a xv, 804 p. :
|b ill. ;
|c 25 cm.
|
| 650 |
|
0 |
|a Oil palm
|z Malaysia
|x congresses
|
| 700 |
1 |
|
|a Earp, D. A.
|
| 700 |
1 |
|
|a Newall, W.
|
| 999 |
|
|
|a 0000000668
|b BOOK
|c Open Shelf
|e Default branch
|
| 999 |
|
|
|a 0000000917
|b BOOK
|c Open Shelf
|e Default branch
|